000 00439nam a2200181Ia 4500
001 12753
005 20260306163004.0
008 260306t2008||||xx |||||||||||||| ||spa||
041 _aESP
082 _aRD 150.3
_bO46
100 _aOlórtegui Miranda, Felipe Valdemar [1950-...]
_eAUT
245 0 _aDiccionario de Psicología
260 _c2008
300 _a
_c21 cm.
650 _aGEN
654 _aCPS
942 _cDIC
_dJUS
_fJUS
_2ddc
_n
999 _c12753
_d12753